00654nam a2200169 a 450000100100000000500170001000800410002704000250006808200160009311000700010924500660017926000650024530000340031004900090034495201140035399900170046700001644820200929164921.0100305s1983 dr ab 001 0 spa d aDO-SdBNPbspacBNPHU axxxxbR426s1 aRepública DominicanabOficina Nacional de Planificación9929313aLa situación de la infancia en la República Dominicana /. aSanto Domingo :bOficina Nacional de Planificación,c1983. a458 p. :bil., map. ;c27 cm. aBNPD 0010718PDaPDbPDcHDd2010-03-05iLF1l0oxxxx R426sp16448-10r2020-06-25w2020-06-25yLFPDZNo se presta c15983d15983